| 000 | 00881nac a22002777a 4500 | ||
|---|---|---|---|
| 001 | BR9102765 | ||
| 003 | BR-BrBNA | ||
| 005 | 20240105121210.0 | ||
| 008 | 230509b bl.|||m| |||| 00| 0 por d | ||
| 040 |
_aBR-BrBNA _bpor _cBiblioteca Nacional de Agricultura |
||
| 072 | _aN10; L01 | ||
| 090 | _a5213 BR9102765 | ||
| 100 | 1 | _aNunes, S.G. | |
| 100 | 1 | _aMartins, C.S. | |
| 110 | 1 |
_aCentro Nacional de Pesquisa de Gado de Corte, Campo Grande, MS (Brasil) _91771 |
|
| 245 | 1 | _aCurral para bovinos de corte; modulo 500 | |
| 250 | 1 | _a2. ed. | |
| 260 | 3 |
_aCampo Grande, MS (Brasil): _c1991. |
|
| 300 | _a66 p. | ||
| 490 |
_aCircular Tecnica - Centro Nacional de Pesquisa de Gado de Corte (Brazil) _vno. 10 _xISSN 0100-7750 |
||
| 500 | _a27 illus. | ||
| 650 | _aGADO DE CORTE | ||
| 650 | _aCURRAL | ||
| 909 |
_a202312 _bLúcia Elande _c55 _dLúcia Elande |
||
| 942 |
_2AGRIS _n0 _cMS |
||
| 999 |
_c283888 _d283888 |
||